Tratado de fisiología médica (Registro nro. 3994)

Detalles MARC
000 -CABECERA
campo de control de longitud fija 01102nam a2200325 4500
001 - NÚMERO DE CONTROL
campo de control bimo0000149843
003 - IDENTIFICADOR DEL NÚMERO DE CONTROL
campo de control SpMaBN
005 - FECHA Y HORA DE LA ÚLTIMA TRANSACCIÓN
campo de control 20241122062716.0
008 - DATOS DE LONGITUD FIJA--INFORMACIÓN GENERAL
campo de control de longitud fija 830330s1982 mx a f 001 spa
016 7# - NÚMERO DE CONTROL DE UNA AGENCIA BIBLIOGRÁFICA NACIONAL
Número de control del registro bimoBNE19920580250
Número de control de registro cancelado o inválido IBH8308083
Fuente SpMaBN
017 ## - NÚMERO DE COPYRIGHT O DE DEPÓSITO LEGAL
Número de copyright o de depósito legal M 32895-1982
Agencia que asigna Oficina Depósito Legal Madrid
020 ## - NÚMERO INTERNACIONAL ESTÁNDAR DEL LIBRO
Número Internacional Estándar del Libro 8472420124
035 ## - NÚMERO DE CONTROL DEL SISTEMA
Número de control de sistema (OCoLC)434628638
040 ## - FUENTE DE LA CATALOGACIÓN
Centro catalogador/agencia de origen IBH
Centro/agencia transcriptor AR-RoIUNI
041 1# - CÓDIGO DE LENGUA
Código de lengua del texto/banda sonora o título independiente spa
Código de lengua original eng
080 #0 - NÚMERO DE LA CLASIFICACIÓN DECIMAL UNIVERSAL
Número de la Clasificación Decimal Universal 612 GUY
100 1# - ENTRADA PRINCIPAL--NOMBRE DE PERSONA
Nombre de persona Guyton, Arthur C.
Fechas asociadas al nombre 1919-2003
9 (RLIN) 169
240 10 - TÍTULO UNIFORME
Título uniforme <a href="Textbook of medical physiology">Textbook of medical physiology</a>
Lenguaje de la obra Español
245 10 - MENCIÓN DE TÍTULO
Título Tratado de fisiología médica
Medio [Texto impreso]
Mención de responsabilidad, etc. Dr. Arthur C. Guyton ; traducido [del inglés] por Dr. Alberto Folch i Pi, Dr. Roberto Espinosa Zarza
250 ## - MENCIÓN DE EDICIÓN
Mención de edición 5a. ed.
260 ## - PUBLICACIÓN, DISTRIBUCIÓN, ETC. (PIE DE IMPRENTA)
Lugar de publicación, distribución, etc. México
Nombre del editor, distribuidor, etc. Interamericana
Fecha de publicación, distribución, etc. D.L. 1982
300 ## - DESCRIPCIÓN FÍSICA
Extensión XXXI, 1159 p.
Otras características físicas il.
Dimensiones 26 cm
650 10 - PUNTO DE ACCESO ADICIONAL DE MATERIA--TÉRMINO DE MATERIA
Término de materia o nombre geográfico como elemento inicial Fisiología
Fuente del encabezamiento o término embne
9 (RLIN) 136
650 10 - PUNTO DE ACCESO ADICIONAL DE MATERIA--TÉRMINO DE MATERIA
Término de materia o nombre geográfico como elemento inicial Medicina
9 (RLIN) 58
700 1# - PUNTO DE ACCESO ADICIONAL--NOMBRE DE PERSONA
Nombre de persona Folch i Pi, Alberto
700 1# - PUNTO DE ACCESO ADICIONAL--NOMBRE DE PERSONA
Nombre de persona Espinosa Zarza, Roberto
942 ## - ELEMENTOS DE PUNTO DE ACCESO ADICIONAL (KOHA)
Fuente del sistema de clasificación o colocación Clasificación Decimal Universal
Tipo de ítem Koha Libros
956 ## - LOCALIZACIÓN Y ACCESO ELECTRÓNICOS LOCAL (OCLC)
Nombre del host 2
980 ## - EQUIVALENCIA O REFERENCIA-CRUZADA-MENCIÓN DE SERIE--NOMBRE DE PERSONA/TÍTULO [LOCAL, CANADÁ]
Nombre de persona M 32895-1982
-- 84-7242-012-4
-- M-BN
Numeración BNALCALA
Calificador de atribución AHM/672383
Fechas asociadas al nombre 612 GUY
Títulos y otros términos asociados al nombre SALA_ALC
Existencias
Estado de retiro Estado de pérdida Fuente del sistema de clasificación o colocación Estado dañado Excepción de préstamo Código de colección Localización permanente Ubicación/localización actual Ubicación en estantería Fecha de adquisición Fuente de adquisición Número de inventario Total de préstamos Signatura topográfica completa Código de barras Fecha visto por última vez Fecha del último préstamo Precio válido a partir de Tipo de ítem Koha
    Clasificación Decimal Universal     General BIBLIOTECA CENTRAL BIBLIOTECA CENTRAL BIBLIOTECA CENTRAL 04/10/2018 Compra 4274 1 612 GUY 4274c 22/07/2019 18/07/2019 04/10/2018 Libros